01735nam a2200397 a 4500008004100000020001800041041000800059092001800067100003200085245007000117250006700187260003100254300002200285500013000307653003600437653002700473653002600500653003000526653003400556653003000590653006300620653003000683653004200713653002100755653003000776653002000806653002300826653004000849653002700889653008000916700002900996700003101025942001201056999001501068952025401083110811s2010 ag f |||| 001 0 spa d a9789506550400 aspa c615.8l7sBHI1 aBhidayasiri, Roongroj94343 aDiagnóstico diferencial en neurología /cRoongroj Bhidayasiri a1a ed.bTraducción María Elena Talarico y Graciela Sormani aBuenos Aires:bCTM;c2010. a544 p.c23x15 cm. aBhidayasiri, R., Waters, M. F. y Giza, C. C. (2010). Diagnóstico diferencial en neurología. (1a ed.). Buenos Aires : CTM. aNeurología y neuropatología aSíndromes clínicos aNeurología vascular aTrastornos paroxísticos aNeuropsiquiatría y demencia aTrastornos del movimiento aEnfermedades infecciosas, inflamatorias y desmielinizantes aNeurología periférica aNeurooftalmología y neurootología aNeurooncología aNeurología pediátrica aNeurogenética aNeurorradiología aEnfermedades de la médula espinal aPruebas diagnósticas aApéndice A: acotaciones de utilidad clínica. Apéndice B: Abreviaturas1 aWaters, Michael F.943441 aGiza, Christopher C.94345 2ddccBK c3297d3297 00102ddc4070aBFMbBFMcCRd2025-08-01eDonación Asociación Neuquina de Anestesia - ANAAR, Julio 2025.l0o615.8 7 BHIp5089r2025-08-01tEj. 1w2025-08-01yBKzDonación Asociación Neuquina de Anestesia - ANAAR, Julio 2025. Sede Tordos.f